|
|
|
|
| LEADER |
00000nam0a2200000 4500 |
| 001 |
288934 |
| 005 |
20231102000135.0 |
| 010 |
|
|
|a 9785942757748
|
| 035 |
|
|
|a (RuTPU)RU\TPU\book\313439
|
| 090 |
|
|
|a 288934
|
| 100 |
|
|
|a 20150330d2015 km y0rusy50 ca
|
| 101 |
0 |
|
|a rus
|
| 102 |
|
|
|a RU
|
| 105 |
|
|
|a a z 001zy
|
| 200 |
1 |
|
|a Неравновесная электрохимия в гальванотехнике
|f Г. А. Садаков
|
| 210 |
|
|
|a Москва
|c Машиностроение
|d 2015
|
| 215 |
|
|
|a 80 с.
|c ил.
|
| 320 |
|
|
|a Библиогр.: с. 76-79.
|
| 330 |
|
|
|a Коротко изложены основные принципы и закономерности неравновесной электрохимии. Необратимые процессы порождает энтропия.Первая глава содержит детальный анализ анодных и катодных кривых магнитного потока; теоретические основы неравновесной электрохимии; расчёт удельного сопротивления в диффузионном слое; сведения о природе электрокапиллярного максимума; о частоте изменения плотности индукционного тока и размеров гидратированных ионов. Вторая глава посвящена гальваностегии, электролизу, совместному анализу анодных и катодных кривых магнитного потока i(A/cm2)—tpe/T (Дж/К); электромагнитному явлению самоиндукции, которое лежит в основе электрохимических и электромагнитных превращений; понятию индукционного тока; электрорегулируемому (анодному, катодному) потенциалу; (в случае химического никелирования — кинетически регулируемому потенциалу); расчёту магнитной индукции, магнитного потока, радиуса ионного проводника; оценке длины ионного проводника; установлению связи волокнистой структуры гальванических и химических осаждённых покрытий с присутствием в электролите ионных проводников.Материалы книги предназначены специалистам-электрохимикам научно-исследовательских институтов и высших учебных заведений.
|
| 606 |
1 |
|
|a Гальванотехника
|2 stltpush
|3 (RuTPU)RU\TPU\subj\5533
|9 33586
|
| 610 |
1 |
|
|a электродные процессы
|
| 610 |
1 |
|
|a неравновесная электрохимия
|
| 610 |
1 |
|
|a неравновесная термодинамика
|
| 610 |
1 |
|
|a расчет на жесткость
|
| 610 |
1 |
|
|a гальваностегия
|
| 610 |
1 |
|
|a электролиз
|
| 610 |
1 |
|
|a химическое никелирование
|
| 610 |
1 |
|
|a гальванические элементы
|
| 675 |
|
|
|a 621.357
|v 4
|
| 700 |
|
1 |
|a Садаков
|b Г. А.
|g Георгий Афанасьевич
|
| 801 |
|
1 |
|a RU
|b 63413507
|c 20150330
|
| 801 |
|
2 |
|a RU
|b 63413507
|c 20150619
|g RCR
|
| 900 |
|
|
|a Электрохимия
|
| 942 |
|
|
|c BK
|
| 959 |
|
|
|a 28/20150330
|d 1
|e 200,00
|f ЧЗТЛ:1
|